Performance budget, 1981-82 (Record no. 508463)

000 -LEADER
fixed length control field 00443cam a22001337a 4500
008 - FIXED-LENGTH DATA ELEMENTS--GENERAL INFORMATION
fixed length control field 180718b1985 xxu||||| |||| 00| 0 eng d
082 ## - DEWEY DECIMAL CLASSIFICATION NUMBER
Classification number L1:B136x5442 /1981-82
100 ## - MAIN ENTRY--PERSONAL NAME
Personal name Maharashtra. Rural Development Department
9 (RLIN) 3793
245 ## - TITLE STATEMENT
Title Performance budget, 1981-82
Statement of responsibility, etc by Rural Development Department
260 ## - PUBLICATION, DISTRIBUTION, ETC. (IMPRINT)
Place of publication, distribution, etc Nagpur
Name of publisher, distributor, etc Government of Maharashtra
Date of publication, distribution, etc 1982
300 ## - PHYSICAL DESCRIPTION
Extent 410p.
500 ## - GENERAL NOTE
General note Library has 1981-82, 1984-85 and 1988-89
942 ## - ADDED ENTRY ELEMENTS (KOHA)
Source of classification or shelving scheme
Holdings
Withdrawn status Lost status Source of classification or shelving scheme Damaged status Koha normalized classification for sorting Not for loan Permanent location Current location Date acquired Full call number Barcode Date last seen Price effective from Koha item type
        L_1B136X5442_198182   Indian Institute of Public Administration Indian Institute of Public Administration 2019-03-27 L1:B136x5442 /1981-82 GG33775 2019-03-27 2019-03-27 GG

Powered by Koha